| 000 | 00540nam a2200157 i 4500 | ||
|---|---|---|---|
| 001 | 34338 | ||
| 003 | ES-MaACL | ||
| 007 | t| | ||
| 008 | 030204s1975 sp ||||1| spa d | ||
| 100 | 1 |
_aBlond, Georges. _929540 |
|
| 245 | 1 | 3 |
_aEl gran ejército de la bandera negra _b: los anarquistas a través del mundo / _cGeorges Blond ; [traducción de José Luis Beltrán]. |
| 260 |
_aBarcelona : _bLuis de Caralt, _c[1975] |
||
| 300 |
_a364 p., 16 lám. ; _c22 cm. |
||
| 700 | 1 |
_aBeltrán, José Luis. _927342 |
|
| 852 |
_aES-MaACL _jE-9380 _bR.94003 |
||
| 999 |
_c34338 _d34338 |
||